Sports Quiz

Random Sports Quiz

Super Bowl - winners, losers, score & location Quiz Stats

Quiz not verified by Sporcle

Challenge
Share
Tweet
Embed
Score 0/204 Timer 20:00
0 Plays Today
Hint Answer % Correct
1967 - WinnerPackers
91.7%
1967 - LoserChiefs
88.9%
1968 - WinnerPackers
80.6%
1967 - LocationLos Angeles
75%
1968 - LoserRaiders
75%
1969 - WinnerJets
72.2%
1969 - LoserColts
72.2%
1968 - LocationMiami
69.4%
1969 - LocationMiami
69.4%
1970 - WinnerChiefs
69.4%
1970 - LoserVikings
69.4%
1971 - WinnerColts
69.4%
1971 - LoserCowboys
69.4%
1971 - LocationMiami
66.7%
1972 - WinnerCowboys
66.7%
1972 - LoserDolphins
66.7%
1973 - WinnerDolphins
63.9%
1973 - LoserRedskins
63.9%
1974 - WinnerDolphins
63.9%
1974 - LoserVikings
63.9%
1967 - Score35-10
61.1%
1971 - Score16-13
61.1%
1972 - Score24-3
61.1%
1972 - LocationNew Orleans
61.1%
1975 - WinnerSteelers
61.1%
1975 - LoserVikings
61.1%
1976 - LoserCowboys
61.1%
1977 - LoserVikings
61.1%
1985 - LoserDolphins
61.1%
1969 - Score16-7
58.3%
1970 - LocationNew Orleans
58.3%
1973 - Score14-7
58.3%
1973 - LocationLos Angeles
58.3%
1976 - WinnerSteelers
58.3%
1977 - WinnerRaiders
58.3%
1978 - WinnerCowboys
58.3%
1978 - LoserBroncos
58.3%
1979 - WinnerSteelers
58.3%
1979 - LoserCowboys
58.3%
1980 - WinnerSteelers
58.3%
1980 - LoserRams
58.3%
1981 - WinnerRaiders
58.3%
1981 - LoserEagles
58.3%
1985 - Winner49ers
58.3%
1986 - WinnerBears
58.3%
1986 - LoserPatriots
58.3%
1987 - WinnerGiants
58.3%
1991 - WinnerGiants
58.3%
1991 - LoserBills
58.3%
1992 - WinnerRedskins
58.3%
1992 - LoserBills
58.3%
1993 - WinnerCowboys
58.3%
1993 - LoserBills
58.3%
1994 - WinnerCowboys
58.3%
1994 - LoserBills
58.3%
1975 - LocationNew Orleans
55.6%
1976 - LocationMiami
55.6%
1978 - LocationNew Orleans
55.6%
1980 - LocationPasadena
55.6%
1981 - LocationNew Orleans
55.6%
1982 - Winner49ers
55.6%
1982 - LoserBengals
55.6%
1983 - WinnerRedskins
55.6%
1983 - LoserDolphins
55.6%
1984 - WinnerRaiders
55.6%
1984 - LoserRedskins
55.6%
1986 - LocationNew Orleans
55.6%
1987 - LoserBroncos
55.6%
Hint Answer % Correct
1995 - Winner49ers
55.6%
1995 - LoserChargers
55.6%
1996 - WinnerCowboys
55.6%
1996 - LoserSteelers
55.6%
1968 - Score33-14
52.8%
1970 - Score23-7
52.8%
1974 - LocationHouston
52.8%
1977 - LocationPasadena
52.8%
1979 - Score35-31
52.8%
1979 - LocationMiami
52.8%
1981 - Score27-10
52.8%
1982 - LocationPontiac
52.8%
1983 - LocationPasadena
52.8%
1988 - WinnerRedskins
52.8%
1988 - LoserBroncos
52.8%
1989 - Winner49ers
52.8%
1989 - LoserBengals
52.8%
1990 - Winner49ers
52.8%
1990 - LoserBroncos
52.8%
1991 - LocationTampa
52.8%
1993 - LocationPasadena
52.8%
1997 - WinnerPackers
52.8%
1997 - LoserPatriots
52.8%
1998 - WinnerBroncos
52.8%
1998 - LoserPackers
52.8%
1999 - WinnerBroncos
52.8%
1999 - LoserFalcons
52.8%
2000 - WinnerRams
52.8%
2000 - LoserTitans
52.8%
2001 - WinnerRavens
52.8%
2001 - LoserGiants
52.8%
1975 - Score16-6
50%
1976 - Score21-17
50%
1978 - Score27-10
50%
1980 - Score31-19
50%
1982 - Score26-21
50%
1984 - Score38-9
50%
1986 - Score46-10
50%
1987 - LocationPasadena
50%
1989 - LocationMiami Gardens
50%
1991 - Score20-19
50%
2002 - WinnerPatriots
50%
2002 - LoserRams
50%
2003 - WinnerBuccaneers
50%
2003 - LoserRaiders
50%
2004 - WinnerPatriots
50%
2004 - LoserPanthers
50%
2005 - WinnerPatriots
50%
2005 - LoserEagles
50%
2006 - WinnerSteelers
50%
2006 - LoserSeahawks
50%
1977 - Score32-14
47.2%
1988 - Score42-10
47.2%
1990 - LocationNew Orleans
47.2%
1992 - LocationMinneapolis
47.2%
1993 - Score52-17
47.2%
1995 - LocationMiami Gardens
47.2%
1997 - LocationNew Orleans
47.2%
2004 - LocationHouston
47.2%
2007 - WinnerColts
47.2%
2007 - LoserBears
47.2%
2008 - WinnerGiants
47.2%
2008 - LoserPatriots
47.2%
2009 - WinnerSteelers
47.2%
2009 - LoserCardinals
47.2%
2010 - WinnerSaints
47.2%
2010 - LoserColts
47.2%
2011 - WinnerPackers
47.2%
Hint Answer % Correct
2011 - LoserSteelers
47.2%
2012 - WinnerGiants
47.2%
2012 - LoserPatriots
47.2%
1974 - Score24-7
44.4%
1984 - LocationTampa
44.4%
1988 - LocationSan Diego
44.4%
1990 - Score55-10
44.4%
1994 - LocationAtlanta
44.4%
1999 - LocationMiami Gardens
44.4%
2000 - LocationAtlanta
44.4%
2002 - LocationNew Orleans
44.4%
2006 - LocationDetroit
44.4%
2013 - WinnerRavens
44.4%
2013 - Loser49ers
44.4%
2014 - WinnerSeahawks
44.4%
2014 - LoserBroncos
44.4%
1983 - Score27-17
41.7%
1985 - LocationStanford
41.7%
1987 - Score39-20
41.7%
1989 - Score20-16
41.7%
1996 - LocationTempe
41.7%
2000 - Score23-16
41.7%
2001 - Score34-7
41.7%
2002 - Score20-17
41.7%
2007 - LocationMiami Gardens
41.7%
2015 - WinnerPatriots
41.7%
2015 - LoserSeahawks
41.7%
1992 - Score37-24
38.9%
1995 - Score49-26
38.9%
1996 - Score27-17
38.9%
1998 - LocationSan Diego
38.9%
2001 - LocationTampa
38.9%
2003 - LocationSan Diego
38.9%
2004 - Score32-29
38.9%
2005 - LocationJacksonville
38.9%
2008 - Score17-14
38.9%
2008 - LocationGlendale
38.9%
2009 - LocationTampa
38.9%
2012 - LocationIndianapolis
38.9%
2016 - WinnerBroncos
38.9%
2016 - LoserPanthers
38.9%
1999 - Score34-19
36.1%
2005 - Score24-21
36.1%
2014 - LocationEast Rutherford
36.1%
2016 - LocationSanta Clara
36.1%
1985 - Score38-16
33.3%
1994 - Score30-13
33.3%
1998 - Score31-24
33.3%
2010 - LocationMiami Gardens
33.3%
2011 - LocationArlington
33.3%
2013 - LocationNew Orleans
33.3%
2014 - Score43-8
33.3%
2015 - LocationGlendale
33.3%
2010 - Score31-17
30.6%
2012 - Score21-17
30.6%
2015 - Score28-24
30.6%
1997 - Score35-21
27.8%
2006 - Score21-10
27.8%
2016 - Score24-10
27.8%
2003 - Score48-21
25%
2007 - Score29-17
25%
2009 - Score27-23
22.2%
2011 - Score31-25
22.2%
2013 - Score34-31
22.2%
2017 - WinnerPatriots
12.5%
2017 - Score34-28
12.5%
2017 - LocationNRG Stadium
12.5%
2017 - LoserFalcons
6.3%

You're not logged in!

Compare scores with friends on all Sporcle quizzes.
Sign Up with Email
OR
Log In

You Might Also Like...

Show Comments

Extras

Top Quizzes Today


Score Distribution

Your Account Isn't Verified!

In order to create a playlist on Sporcle, you need to verify the email address you used during registration. Go to your Sporcle Settings to finish the process.

Report this User

Report this user for behavior that violates our Community Guidelines.

Details: